Všetko pod kontrolou
Skryté riziká v investičnom portfóliu. Rady pre investorov. Dlhopisové investície. Investovanie v rôznych geografických regiónoch. Diverzifikácia investičných štýlov. Akciové a dlhopisové fondy. Frekvencia obchodov.
Na minha lista:
| Autor principal: | |
|---|---|
| Formato: | Capítulo de Livro |
| Idioma: | eslovaco |
| Assuntos: | |
| Tags: |
Sem tags, seja o primeiro a adicionar uma tag!
|
MARC
| LEADER | 00000naa$a2200000$$$4500 | ||
|---|---|---|---|
| 001 | 0035958 | ||
| 005 | 20231019082924.6 | ||
| 041 | 0 | |a slo | |
| 044 | |a SK | ||
| 245 | 1 | 0 | |a Všetko pod kontrolou |c Pavol Poklemba |
| 520 | |a Skryté riziká v investičnom portfóliu. Rady pre investorov. Dlhopisové investície. Investovanie v rôznych geografických regiónoch. Diverzifikácia investičných štýlov. Akciové a dlhopisové fondy. Frekvencia obchodov. | ||
| 610 | 2 | 0 | |a investovanie |
| 610 | 2 | 0 | |a fondy akciové |
| 610 | 2 | 0 | |a fondy dlhopisové |
| 610 | 2 | 0 | |a riziko |
| 610 | 2 | 0 | |a diverzifikácia |
| 610 | 2 | 0 | |a portfólio |
| 610 | 2 | 0 | |a regióny |
| 100 | 1 | |a Poklemba, Pavol | |